000 00738nam a22002417a 4500
001 82079
003 UA-OsUOA
005 20230329143223.0
007 ta
008 20120215b un ||||| |||| 00| 0 ukr d
020 _a5770773324
040 _aUA-OsUOA
_bukr
_cUA-OsUOA
_dUA-OsUOA
041 _aukr
080 _a929:784
090 _a929:784
_bМ50
245 _aМодест Менцинський. Спогади. Матеріали. Листування
_cупоряд. М. Головащенко
260 _aК
_bРада
_c1995
300 _a462 с.
_bіл.
650 7 _a9 Географія. Біографії. Історія
_2UDC
700 1 _aГоловащенко М.
_eупоряд.
942 _cBK
_2udc
955 _a4
999 _c368384
_d368384